| 000 | 00754nam a22001337a 4500 | ||
|---|---|---|---|
| 040 | _cRUA | ||
| 082 | _aAGR THO 2015 B522 Or.1 | ||
| 100 | _aTHORNG KUNTHEA; ថោង គន្ធា | ||
| 245 | _aEffect of phosphorus rates on growth and yield of sen pidao rice in station at royal university of agriculture; ឥទ្ធិពលនៃកម្រិតផូស្វ័រលើការលូតលាស់ និងទិន្នផលស្រូវសែនពិដោរនៅក្នុងស្ថានីយ័ពិសោធន៍នៃសាកលវិទ្យាល័យភូមិន្ទកសិកម្ម | ||
| 260 |
_aPhnom Penh _bRUA _c2015 |
||
| 300 |
_avii; 36p; _bill; _c29cm; |
||
| 856 | _uTHORNG KUNTHEA | ||
| 942 | _cAGR | ||
| 999 |
_c10685 _d10685 |
||